000 00300 a2200109 4500
001 ART_17539
005 20260410161750.0
008 260409a
245 1 0 _aCreating a world without poverty
100 1 _aYunus, Muhammad
773 0 _tBook Summary
_g- NÂș 12 (ene. 2009)
_wREV4099
999 _c19594
_d19594